7 Churches of Asia - Statistics

General Stats
  • This quiz has been taken 95 times
  • The average score is 4 of 7
Answer Stats
Church % Correct
Ephesus
86%
Philadelphia
68%
Smyrna
63%
Laodicea
57%
Sardis
45%
Thyatira
32%
Pergamon
23%
No matching quizzes found
Score Distribution
Percent of People with Each Score
Percentile by Number Answered
Your Score History
You have not taken this quiz